| 000 | 00935nam a2200289Ia 4500 | ||
|---|---|---|---|
| 001 | Para_301 | ||
| 003 | CHAP | ||
| 008 | 220125s1993 xx 000 0 und d | ||
| 010 | _a199056 | ||
| 040 | _cCHAP | ||
| 090 | _aPA FOLLETO 3222 | ||
| 100 |
_aJasso Argumedo, Juan _961216 |
||
| 245 |
_aEl virus de la tristeza de los citricos : _b medidas preventivas / _c por Juan Jasso Argumedo y Mario Rocha Peña |
||
| 260 |
_aMerida, Yuc. : _b INIFAP. Centro de Investigaciones Regionales del Sureste |
||
| 300 | _a15 p. | ||
| 650 |
_aCitricos _x enfermedades por virus _924427 |
||
| 700 | _a | ||
| 700 |
_aI. Rocha Peña, Mario _9164378 |
||
| 710 |
_aII. INIFAP. México. Centro de Investigaciones Regionales del Sureste _9164379 |
||
| 901 | _aPA FOLLETO 3222 | ||
| 902 | _aA | ||
| 905 | _a0000001993 0000000000 00 | ||
| 910 | _a1993 | ||
| 942 | _cPARA | ||
| 942 |
_cPARA _d1 |
||
| 999 |
_c199056 _d199056 |
||